| 000 | 00523nam a2200181 a 4500 | ||
|---|---|---|---|
| 001 | 4004 | ||
| 005 | 20140414131920.0 | ||
| 008 | 040603s19uu xx 00 eng d | ||
| 020 | _a0-590-43945-6 | ||
| 050 |
_aER _bJ12 1989 |
||
| 100 | _aNeitzel, Shirley | ||
| 245 |
_aThe jacket I wear in the snow / _cby Shirley Neitzel ; pictures by Nancy Winslow Parker. |
||
| 260 |
_aNew York : _bScholastic, _c1989. |
||
| 300 | _a1 v.p. : ill. ; cm. | ||
| 650 |
_aDress _xFiction. |
||
| 650 | _aChildren stories. | ||
| 999 |
_c111717 _d111717 |
||